Coastal and estuarine managed realignment (Record no. 104989)

MARC details
000 -LEADER
fixed length control field 00983cam a2200241 4500
001 - CONTROL NUMBER
control field ##L132046
008 - FIXED-LENGTH DATA ELEMENTS--GENERAL INFORMATION
fixed length control field 051221n2004 000 0 eng u
020 ## - INTERNATIONAL STANDARD BOOK NUMBER
International Standard Book Number 0860176282
035 ## - SYSTEM CONTROL NUMBER
System control number (Sirsi) u132046
041 0# - LANGUAGE CODE
Language code of text/sound track or separate title eng
050 04 - LIBRARY OF CONGRESS CALL NUMBER
Classification number 333.9164 $2 18
100 1# - MAIN ENTRY--PERSONAL NAME
Personal name Leggett, D. J.
245 00 - TITLE STATEMENT
Title Coastal and estuarine managed realignment
Remainder of title design issues
260 ## - PUBLICATION, DISTRIBUTION, ETC.
Place of publication, distribution, etc. London
Name of publisher, distributor, etc. CIRIA
Date of publication, distribution, etc. 2004
300 ## - PHYSICAL DESCRIPTION
Extent 216p.
Other physical details ill
Dimensions 30cm
490 #0 - SERIES STATEMENT
Series statement CIRIA
Volume/sequential designation C628
520 ## - SUMMARY, ETC.
Summary, etc. Guide intended to disseminate knowledge on design issues for managed coastal and estuarine realignment projects by giving information on the design and management processes. Shares experience of managed UK realignment projects and draws upon international knowledge.
690 ## - LOCAL SUBJECT ADDED ENTRY--TOPICAL TERM (OCLC, RLIN)
Topical term or geographic name as entry element PROPERTY-RURAL AND NATURAL ASSETS-RURAL AND NATURAL ASSET MANAGEMENT-COASTAL MANAGEMENT
700 1# - ADDED ENTRY--PERSONAL NAME
Personal name Cooper, N.
700 1# - ADDED ENTRY--PERSONAL NAME
Personal name Harvey, R.
710 2# - ADDED ENTRY--CORPORATE NAME
Corporate name or jurisdiction name as entry element Construction Industry Research and Information Association
9 (RLIN) 4810
942 ## - ADDED ENTRY ELEMENTS (KOHA)
Suppress in OPAC 0
Holdings
Withdrawn status Lost status Source of classification or shelving scheme Damaged status Not for loan Home library Current library Shelving location Date acquired Total Checkouts Full call number Barcode Date last seen Copy number Price effective from Koha item type
    Dewey Decimal Classification     London London Folio 21/12/2005   F333.9164 LEG 30071760 06/08/2019 1 06/08/2019 Book